[Event "FSGM Sept"]
[Site "Budapest HUN"]
[Date "2002.09.15"]
[Round "9"]
[White "Breder,D"]
[Black "Rajlich,V"]
[Result "1-0"]
[WhiteElo "2438"]
[BlackElo "2338"]

1.e4 c5 2.Nf3 d6 3.Bb5+ Nd7 4.d4 Nf6 5.Nc3 a6 6.Bxd7+ Nxd7 7.O-O e6 8.d5 e5
9.a4 Be7 10.Nd2 O-O 11.Nc4 Nb6 12.Ne3 Bd7 13.Qd3 Bg5 14.a5 Nc8 15.b3 g6 16.Nc4 Bxc1
17.Raxc1 Bb5 18.Ra1 f5 19.f4 exf4 20.Rxf4 Bxc4 21.Qxc4 Qg5 22.exf5 Rxf5 23.Rxf5 Qxf5
24.Rf1 Qe5 25.Qe4 Qxe4 26.Nxe4 b6 27.axb6 Rb8 28.Rf6 Rxb6 29.Re6 Kf8 30.Nf6 Kg7
31.Ne8+ Kf8 32.Nf6 Kg7 33.Ne4 Kf8 34.Kf2 a5 35.Ke3 Ne7 36.Nf6 Kf7 37.Kd2 h6
38.Ne4 Nc8 39.Kd3 h5 40.g3 a4 41.bxa4 Ra6 42.a5 Rxa5 43.Nxd6+ Nxd6 44.Rxd6 Ra3+
45.Kc4 Ra2 46.Kb3 Ra1 47.Re6 Rd1 48.Kc4 Rd2 49.c3 Rxh2 50.Re3 Rd2 51.Kxc5 g5
52.c4 Kf6 53.d6 Kf5 54.Kc6 Kg4 55.d7 h4 56.gxh4 gxh4 57.Kc7 h3 58.d8=Q Rxd8
59.Kxd8 h2 60.Re1  1-0

[Event "TCh-CRO"]
[Site "Medulin CRO"]
[Date "2002.09.15"]
[Round "7"]
[White "Jovanovic,Zo2"]
[Black "Kutuzovic,B"]
[Result "1/2-1/2"]
[WhiteElo "2389"]
[BlackElo "2398"]

1.e4 c5 2.Nf3 d6 3.Bb5+ Nc6 4.O-O Bd7 5.Re1 Nf6 6.h3 Ne5 7.a4 e6 8.Na3 a6
9.Nxe5 dxe5 10.Bxd7+ Nxd7 11.b3 Bd6 12.Nc4 Bc7 13.a5 O-O 14.Bb2 f6 15.Qe2 Rc8
16.Qe3 Bb8 17.d3 Qe7 18.Bc3 Rfd8 19.Rab1 Bd6 20.Qd2 Rc7 21.b4 cxb4 22.Bxb4 Bxb4
23.Qxb4 Nc5 24.Qa3 Rd4 25.Qa2 Kf7 26.Re2 Kg8 27.g3 Kh8 28.Kg2 h6 29.Rbe1 Qe8
30.Qa1 Qg6 31.Kh2 Nxe4 32.Nxe5 fxe5 33.dxe4 Qf6 34.Qa3 Rdc4 35.Qd3  1/2-1/2

[Event "Autumn I"]
[Site "Alushta UKR"]
[Date "2002.09.16"]
[Round "2"]
[White "Zavgorodniy,S"]
[Black "Kaiumov,D"]
[Result "0-1"]
[WhiteElo "2393"]
[BlackElo "2460"]

1.e4 c5 2.Nf3 d6 3.Bb5+ Bd7 4.Bxd7+ Nxd7 5.O-O Ngf6 6.Qe2 Rc8 7.b3 g6 8.c3 Bg7
9.Bb2 O-O 10.d4 cxd4 11.cxd4 d5 12.e5 Ne4 13.Ne1 Qb6 14.Nd2 Nxd2 15.Qxd2 Rc6
16.Nc2 Rfc8 17.Ne3 Bh6 18.f4 e6 19.Rf2 f6 20.g4 fxe5 21.g5 exf4 22.gxh6 fxe3
23.Qxe3 Rc2 24.Rxc2 Rxc2 25.Ba3 e5 26.Rd1 Qe6 27.Qg5 Rc8 28.dxe5 Nxe5 29.Qg2 Rd8
30.Bb2 Ng4 31.Rc1 Qb6+ 32.Kf1 Rf8+ 33.Ke1 Qb4+ 34.Qd2 Qe7+  0-1

[Event "TCh-CRO"]
[Site "Medulin CRO"]
[Date "2002.09.16"]
[Round "8"]
[White "Ljubicic,F"]
[Black "Franic,M"]
[Result "1-0"]
[WhiteElo "2432"]
[BlackElo "2412"]

1.e4 c5 2.Nf3 d6 3.Bb5+ Bd7 4.a4 Nc6 5.O-O Nf6 6.Re1 e6 7.c3 a6 8.Bf1 Be7
9.d4 cxd4 10.cxd4 d5 11.e5 Ne4 12.Bd3 Nb4 13.Bxe4 dxe4 14.Rxe4 Bc6 15.Rg4 Rg8
16.Bh6 Bxf3 17.gxf3 Nc6 18.Nc3 Qb6 19.a5 Qxb2 20.Na4 Qb5 21.Rb1 Qxa5 22.Rxb7 Rd8
23.Bd2 Qd5 24.Nc3 Qa5 25.Nb5 Qa2 26.Qc1 axb5 27.Qxc6+ Kf8 28.Qc7 Qb1+ 29.Kg2 Re8
30.d5 f5 31.Bb4 fxg4 32.Bxe7+ Kf7 33.Bf6+ Kg6 34.Qf7+  1-0

[Event "FSGM Sept"]
[Site "Budapest HUN"]
[Date "2002.09.19"]
[Round "13"]
[White "Breder,D"]
[Black "Szeberenyi,A"]
[Result "1-0"]
[WhiteElo "2438"]
[BlackElo "2395"]

1.e4 c5 2.Nf3 d6 3.Bb5+ Bd7 4.Bxd7+ Qxd7 5.O-O Nc6 6.c3 Nf6 7.d4 Nxe4 8.d5 Ne5
9.Re1 Nf6 10.Nxe5 dxe5 11.c4 e6 12.Nc3 O-O-O 13.Bg5 Be7 14.Rxe5 h6 15.Bf4 exd5
16.Nb5 b6 17.Qa4 a5 18.cxd5 Kb7 19.Rd1 Ka6 20.Rxe7 Qxe7 21.Nc7+ Ka7 22.Qb5 Rd6
23.Qa6+ Kb8 24.Nb5  1-0

[Event "7th WUCC Women"]
[Site "Ulaanbaatar MON"]
[Date "2002.09.19"]
[Round "8"]
[White "Li Ruofan"]
[Black "Batceceg,T"]
[Result "1-0"]
[WhiteElo "2327"]
[BlackElo "2188"]

1.e4 c5 2.Nf3 d6 3.Bb5+ Nd7 4.d4 Nf6 5.Nc3 cxd4 6.Qxd4 e5 7.Qd3 h6 8.Be3 Be7
9.Bc4 a6 10.a4 O-O 11.O-O Qc7 12.Nh4 Nc5 13.Bxc5 Qxc5 14.Nf5 Bxf5 15.exf5 Rac8
16.Bd5 Qb4 17.Ra3 Qxb2 18.Bxf7+ Rxf7 19.Rb3 Rxc3 20.Rxb2 Rxd3 21.cxd3 d5
22.Rxb7 a5 23.Rc1 Bb4 24.Rc8+ Rf8 25.Rcc7 Ne8 26.Rd7 Rxf5 27.Rxd5 Nf6 28.Rdb5 Bc3
29.f3 Rf4 30.Rc7 Bd4+ 31.Kf1 e4 32.dxe4 Nxe4 33.Rxa5 Bf6 34.Ra8+ Kh7 35.a5 Nc3
36.Rf8 Nd5 37.Rd7 Ne3+ 38.Ke2 Nc4 39.a6 Ne5 40.Rb7 Nc6 41.a7 Nxa7 42.Rxa7 Kg6
43.Re8 Rh4 44.h3 Rb4  1-0

[Event "7th WUCC Women"]
[Site "Ulaanbaatar MON"]
[Date "2002.09.19"]
[Round "8"]
[White "Rybenko,K"]
[Black "Petrenko,S"]
[Result "1-0"]
[WhiteElo "2295"]
[BlackElo "2349"]

1.e4 c5 2.Nf3 d6 3.Bb5+ Nd7 4.d4 Nf6 5.Nc3 cxd4 6.Qxd4 e5 7.Qd3 a6 8.Bxd7+ Bxd7
9.Bg5 h6 10.Bxf6 Qxf6 11.Nd5 Qd8 12.O-O-O Be6 13.Nd2 Bxd5 14.Qxd5 Qc7 15.Nc4 Rc8
16.Ne3 Be7 17.h4 O-O 18.Qb3 b5 19.Nf5 Rfd8 20.Rh3 Bf8 21.Rg3 Kh7 22.h5 Qc4
23.Rgd3 Qxb3 24.axb3 Rc6 25.c3 a5 26.Rd5 g6 27.Ne3 Rb8 28.g3 Ra6 29.Kc2 a4
30.f4 exf4 31.gxf4 Re8 32.e5 dxe5 33.fxe5 Bg7 34.Rxb5 Rxe5 35.Rxe5 Bxe5 36.Rd7 axb3+
37.Kxb3 Kg7 38.Kc4 gxh5 39.Kd5 Ra5+ 40.Ke4 Bh2 41.b4 Re5+ 42.Kd4 Re6 43.Nf5+ Kg6
44.Nh4+ Kf6 45.Rd5 Be5+ 46.Kd3 Rc6 47.c4 Ke6 48.Nf3 f6 49.b5 Rc8 50.Nd4+ Bxd4
51.Kxd4 f5 52.c5 Kf6 53.c6 Ke6 54.Kc5 f4 55.b6 f3 56.b7  1-0

[Event "ECC"]
[Site "Halkidiki GRE"]
[Date "2002.09.22"]
[Round "1"]
[White "Karlsson,A"]
[Black "Pigusov,E"]
[Result "1/2-1/2"]
[WhiteElo "2347"]
[BlackElo "2622"]

1.e4 c5 2.Nf3 d6 3.Bb5+ Nd7 4.O-O a6 5.Bxd7+ Bxd7 6.d4 cxd4 7.Qxd4 Nf6 8.Nc3 e5
9.Qd3 h6 10.a4 Be7 11.Be3 Rc8 12.a5 Qc7 13.Nd2 Be6 14.Rfd1 Qc6 15.Bb6 d5
16.exd5 Nxd5 17.Nxd5 Bxd5 18.c4 Be6 19.b3 O-O 20.Qe3 f6 21.Ne4 Rf7 22.Nc3 Bf8
23.Ra2 Rd7 24.Rad2 Rxd2 25.Qxd2 Qe8 26.Qd3 Qf7 27.Qe4 Re8 28.Nd5 Bd7 29.Nc7 Bc6
30.Qf5 Re7 31.Qc8 Qg6 32.Nd5 Rf7 33.h3 Kh7 34.Ne3 f5 35.Rd8 f4 36.Nd5 f3
37.g4 Bxd5 38.Rxf8 Qb1+ 39.Kh2 Rxf8 40.Qxf8 Be4 41.Qe7 Qf1 42.Kg3 Qg2+ 43.Kh4 Bd3
44.Qxb7 Bf1 45.Qe4+  1/2-1/2

[Event "ECC"]
[Site "Halkidiki GRE"]
[Date "2002.09.22"]
[Round "1"]
[White "Hokkanen,P"]
[Black "Shneider,A"]
[Result "0-1"]
[WhiteElo "2248"]
[BlackElo "2506"]

1.e4 c5 2.Nf3 d6 3.Bb5+ Bd7 4.Bxd7+ Qxd7 5.O-O Nc6 6.c3 Nf6 7.d4 Nxe4 8.d5 Ne5
9.Re1 Nf6 10.Nxe5 dxe5 11.Rxe5 e6 12.c4 O-O-O 13.Nc3 Bd6 14.Re1 exd5 15.Nxd5 Qf5
16.Be3 Rhe8 17.h3 Nxd5 18.cxd5 Kb8 19.b4 Bc7 20.Qa4 Qxd5 21.Rac1 Qd7 22.Qa3 Qd3
23.Rc3 Rxe3 24.fxe3 Qd6 25.Qc1 Qh2+ 26.Kf2 Bg3+ 27.Kf3 Bh4 28.Rf1 Qg3+ 29.Ke4 Qxg2+  0-1

[Event "ECC"]
[Site "Halkidiki GRE"]
[Date "2002.09.24"]
[Round "3"]
[White "Asmundsson,I"]
[Black "Collier,D"]
[Result "1/2-1/2"]
[WhiteElo "2338"]
[BlackElo "2274"]

1.e4 c5 2.Nf3 d6 3.Bb5+ Nc6 4.c3 Bd7 5.O-O a6 6.Ba4 b5 7.Bc2 e5 8.h3 Nf6
9.d4 Qc7 10.Bg5 Be7 11.dxc5 dxc5 12.a4 O-O 13.Qe2 Rab8 14.axb5 axb5 15.Nbd2 h6
16.Bxf6 Bxf6 17.Rfd1 Be6 18.Nf1 Bc4 19.Bd3 Bb3 20.Rdc1 c4 21.Bb1 Na5 22.Ne3 Ba4
23.Nd5 Qd6 24.Re1 Nb3 25.Ra3 Nc5 26.g3 Rfd8 27.Nd2 Be7 28.Nf1 Bf8 29.Nfe3 Qe6
30.Nb4 Nd3 31.Bxd3 cxd3 32.Qd2 Bxb4 33.cxb4 Bc2 34.Kg2 Rdc8 35.Rc3 Qe7 36.Nxc2 dxc2
37.Qxc2 Rd8 38.Rc5 Rd4 39.Qc3 Qd7 40.Re3 f6 41.Rc7 Qe8 42.h4 Kh7 43.Qc5 Rc4
44.Qa7 Rxc7 45.Qxc7 Rc8 46.Qd6 Rd8 47.Qc5 Rc8 48.Qd6  1/2-1/2

[Event "ECC"]
[Site "Halkidiki GRE"]
[Date "2002.09.26"]
[Round "5"]
[White "Lindberg,Bo"]
[Black "Nevednichy,V"]
[Result "0-1"]
[WhiteElo "2284"]
[BlackElo "2537"]

1.e4 c5 2.Nf3 d6 3.Bb5+ Nd7 4.d4 cxd4 5.Qxd4 e6 6.Nc3 a6 7.Bxd7+ Bxd7 8.O-O Rc8
9.a4 Nf6 10.Rd1 Qc7 11.Bg5 Ng4 12.Rd2 f6 13.Be3 Be7 14.Rad1 Ne5 15.Nxe5 fxe5
16.Qb6 O-O 17.a5 Qxb6 18.Bxb6 Rc4 19.f3 Kf7 20.Nb1 Rfc8 21.Na3 Ra4 22.Kf2 h5
23.c4 Rb4 24.c5 d5 25.exd5 Bxc5+ 26.Bxc5 Rxc5 27.dxe6+ Bxe6 28.Nb1 e4 29.Nc3 exf3
30.gxf3 Rxa5 31.Ne4 Ra2 32.Ng5+ Kf6 33.Nxe6 Rbxb2  0-1

[Event "ECC"]
[Site "Halkidiki GRE"]
[Date "2002.09.26"]
[Round "5"]
[White "Buckley,D"]
[Black "Rasic,D"]
[Result "1-0"]
[WhiteElo "2190"]
[BlackElo "2342"]

1.e4 c5 2.Nf3 d6 3.Bb5+ Bd7 4.Bxd7+ Qxd7 5.O-O Nc6 6.c3 Nf6 7.d3 g6 8.Bg5 Bg7
9.Na3 O-O 10.Qd2 d5 11.e5 Ne8 12.Rfe1 Nc7 13.Bh6 Ne6 14.Bxg7 Kxg7 15.d4 cxd4
16.cxd4 Qd8 17.Re3 Qb6 18.Rb3 Qa6 19.Rc1 Rfd8 20.h3 Rd7 21.Rbc3 h6 22.R3c2 Qa4
23.Rd1 Nb4 24.Rcc1 Nxa2 25.Ra1 Nb4 26.b3 Qxb3 27.Rdb1 Qd3 28.Rxb4 Qxd2 29.Nxd2 Rc8
30.Nf3 g5 31.g3 Rc3 32.Kg2 a6 33.Nb1 Rc1 34.Ra2 Rdc7 35.Nbd2 Nd8 36.Nb3 Rb1
37.Nfd2 Rd1 38.Kf3 Rc3+ 39.Ke2 Rh1 40.Nc5 Nc6 41.Rab2 b5 42.Nxa6 h5 43.Nf3 Nxb4
44.Nxb4 g4 45.hxg4 hxg4 46.Nd2 e6 47.Nc2 Rh5 48.Ne3 Rg5 49.Rxb5 Ra3 50.Rb7 Ra2
51.Rb1 Ra4 52.Kd3 Ra3+ 53.Kc2 Ra2+ 54.Kc3 Ra3+ 55.Kb2 Ra4 56.Nb3 Ra8 57.Rh1 Rh8
58.Rxh8 Kxh8 59.Nc5 Rg8 60.Nd7 Ra8 61.Kb3 Rd8 62.Nf6 Rb8+ 63.Kc3 Rc8+ 64.Kd3 Ra8
65.Nfxg4 Ra3+ 66.Kd2 Ra4 67.Nc2 Kg7 68.Nge3 f6 69.Ng4 f5 70.Nge3 Kg6 71.Ng2 Kf7
72.Nf4 Ra2 73.Kc3 Ra8 74.Nb4 Ra4 75.Kb3 Ra1 76.Nbd3 Ke7 77.Kb2 Ra4 78.Nxe6 Rc4
79.Ng7 Kf7 80.Nxf5 Kg6 81.g4  1-0

[Event "ECC"]
[Site "Halkidiki GRE"]
[Date "2002.09.27"]
[Round "6"]
[White "Vinter Schou,U"]
[Black "Zoler,D"]
[Result "0-1"]
[WhiteElo "2342"]
[BlackElo "2503"]

1.e4 c5 2.Nf3 d6 3.Bb5+ Bd7 4.a4 Nc6 5.d3 g6 6.O-O Bg7 7.Nbd2 Nf6 8.c3 O-O
9.d4 cxd4 10.cxd4 Rc8 11.Qb3 Qb6 12.d5 Na5 13.Qa2 a6 14.Bd3 Ng4 15.h3 Ne3
16.b4 Qxb4 17.fxe3 Qc3 18.Bb2 Qxb2 19.Qxb2 Bxb2 20.Ra2 Bf6 21.Kf2 Rc3 22.Ke2 Nb3
23.Nxb3 Rxb3 24.Rc1 Rc8 25.Rxc8+ Bxc8 26.Nd4 Rc3 27.Kd2 Rc5 28.Rb2 h5 29.Rb6 Kf8
30.Be2 Ke8 31.g4 hxg4 32.Bxg4 Kd8 33.Rb1 Rc4 34.a5 Bxd4 35.Kd3 Ra4 36.exd4 Rxa5
37.Rb3 Ra1 38.e5 Rg1 39.e6 fxe6 40.dxe6 Rg3+ 41.Kc2 Rxb3 42.Kxb3 g5 43.Kc4 b5+
44.Kb4 Kc7 45.Ka5 d5  0-1

[Event "ECC"]
[Site "Halkidiki GRE"]
[Date "2002.09.28"]
[Round "7"]
[White "Rozentalis,E"]
[Black "Landa,K"]
[Result "1/2-1/2"]
[WhiteElo "2564"]
[BlackElo "2621"]

1.e4 c5 2.Nf3 d6 3.Bb5+ Bd7 4.Bxd7+ Qxd7 5.O-O Nf6 6.Re1 Nc6 7.b3 g6 8.Bb2 Bg7
9.c4 e5 10.a3 O-O 11.d3 Ne8 12.Nc3 Nc7 13.Rb1 Rfb8 14.Nd2 a6 15.Nd5 b5 16.Bc3 Rb7
17.h3 Nxd5 18.exd5 Ne7 19.b4 cxb4 20.axb4 Rc7 21.Rb3 f5 22.f4 bxc4 23.dxc4 e4
24.Bxg7 Kxg7 25.Qa1+ Kf7 26.Reb1 Rcc8 27.Qd4 Qa7 28.Qxa7 Rxa7 29.Ra1 Kf6
30.Rba3 Rca8 31.b5 a5 32.Nb3 a4 33.Nd4 Nc8 34.Nc6 Rc7 35.Rxa4 Rxa4 36.Rxa4 Nb6
37.Ra6 Nxc4 38.Ne5 Nxe5 39.Rxd6+ Ke7 40.fxe5 Rc5 41.b6 Rb5 42.g3 g5 43.b7 Rxb7
44.Rf6 Rb1+ 45.Kf2 Rb2+ 46.Ke1 Rb1+ 47.Kd2 Rb3 48.d6+ Kd7 49.Rxf5 Ke6 50.g4 h6
51.Ke1 Re3+ 52.Kf2 Rd3 53.Ke2 Kd5  1/2-1/2

[Event "ECC"]
[Site "Halkidiki GRE"]
[Date "2002.09.28"]
[Round "7"]
[White "Moingt,JC"]
[Black "Shneider,A"]
[Result "0-1"]
[WhiteElo "2284"]
[BlackElo "2506"]

1.e4 c5 2.Nf3 d6 3.Bb5+ Bd7 4.Bxd7+ Qxd7 5.O-O Nc6 6.c3 Nf6 7.d4 Nxe4 8.d5 Ne5
9.Re1 Nxf3+ 10.Qxf3 Nf6 11.c4 e5 12.dxe6 fxe6 13.Nc3 Be7 14.Bg5 h6 15.Bxf6 Bxf6
16.Qd5 Be5 17.Qd3 O-O-O 18.Rad1 Rhf8 19.Ne4 Bd4 20.Re2 Kb8 21.b4 e5 22.bxc5 dxc5
23.Nxc5 Qe7 24.Ne4 Bxf2+ 25.Nxf2 Rxd3 26.Rxd3 Qc5 27.Rd5 Qxc4 28.Rdxe5 a6
29.g3 Rf3 30.Kg2 Ra3  0-1

[Event "11th Monarch Assurance"]
[Site "Port Erin IOM"]
[Date "2002.09.28"]
[Round "1"]
[White "Vuilleumier,A"]
[Black "Hanley,J"]
[Result "1-0"]
[WhiteElo "2169"]
[BlackElo "2139"]

1.e4 c5 2.Nf3 d6 3.Bb5+ Bd7 4.Bxd7+ Qxd7 5.c4 Nf6 6.Nc3 Nc6 7.d4 cxd4 8.Nxd4 g6
9.O-O Bg7 10.Nde2 O-O 11.f3 Rac8 12.Bg5 h6 13.Be3 Kh7 14.Qd2 Rfd8 15.Rad1 Qe8
16.b3 Rd7 17.Nd5 Qf8 18.Qe1 Rcd8 19.Qh4 Ng8 20.f4 e6 21.Ndc3 Nge7 22.Nb5 d5
23.cxd5 exd5 24.f5 Be5 25.Qh3 d4 26.Bf4 Bxf4 27.Nxf4 g5 28.Ne6 Qg8 29.Nxd8 Qxd8
30.Na3 Ne5 31.Nc4 Nxc4 32.bxc4 Nc6 33.f6 Rd6 34.Qf5+ Kg8 35.h4 Re6 36.hxg5 Re5
37.Qh3 Rxg5 38.Qxh6 Rg6 39.Qf4 Qa5 40.Rd3 Qg5 41.Qxg5 Rxg5 42.Rb1 b6 43.Rb5 Rg4
44.Rd5 Rxe4 45.Rh3 Re5 46.Rh4 Rxd5 47.cxd5 Ne5 48.Rxd4 Kf8 49.Re4 Nd7 50.Rf4 Ke8
51.g4 Kd8 52.g5 Ne5 53.Re4 Ng6 54.d6 Kd7 55.Re7+ Kxd6 56.Rxf7 Ne5 57.Rxa7 Nf3+
58.Kg2 Nxg5 59.f7 Ne6 60.Kf3 b5 61.Ra6+  1-0

[Event "11th Monarch Assurance"]
[Site "Port Erin IOM"]
[Date "2002.09.28"]
[Round "1"]
[White "Ansell,S"]
[Black "Stocek,J"]
[Result "1/2-1/2"]
[WhiteElo "2399"]
[BlackElo "2555"]

1.e4 c5 2.Nf3 d6 3.Bb5+ Nd7 4.d4 cxd4 5.Qxd4 a6 6.Bxd7+ Bxd7 7.Nc3 e5 8.Qd3 h6
9.Nd5 Nf6 10.Nxf6+ Qxf6 11.O-O Be7 12.b3 O-O 13.Ba3 Bc6 14.Rfe1 Rad8 15.c4 Rd7
16.Nd2 Qg6 17.Qg3 Qh5 18.Qf3 Qg5 19.Qe3 Qg6 20.Qg3 Qe6 21.Rad1 f5 22.Qh3 Qg6
23.Qg3 Qh5 24.f3 Bd8 25.exf5 Rxf5 26.Ne4 Bh4 27.Qg4 Qxg4 28.fxg4 Rf4 29.g3 Rxg4
30.Nxd6 Bf6 31.Ne8 Rgd4 32.Nxf6+ gxf6 33.Rxd4 Rxd4 34.Bc1 h5 35.Kf2 Kf7 36.Be3 Rd8
37.Bb6 Rd7 38.Ke3 Ke6 39.Rf1 f5 40.Ba5 Rd4 41.Bb6 Rd7 42.Re1 h4 43.Kf2 hxg3+
44.hxg3 Rh7 45.Re2 Be4 46.Ke1 Bf3 47.Rd2 Bc6 48.Re2 Rg7 49.Kf2 Rh7 50.Ke1 Rh1+
51.Kd2 Bf3 52.Rf2 Bg4 53.Rg2 Bf3 54.Rf2 Bg4 55.Rg2 Rh3 56.a4 Bf3 57.Rg1 Bc6
58.Ke2 f4 59.gxf4 exf4 60.Bc7 Kf5 61.Rf1 f3+ 62.Ke3 Rh7 63.Bb6 Re7+ 64.Kd3 Kf4
65.Rg1 Rd7+ 66.Kc3 Be4 67.a5 Rd3+ 68.Kb4 Rd2 69.Re1 Rc2 70.Bc7+ Kf5 71.Bb6 Bc6
72.Bd4 Kg4 73.Kc5 Kg3 74.Rg1+ Kh2 75.Rf1 Kg3 76.Rg1+ Kf4 77.Re1 f2 78.Rf1 Kg3
79.Rxf2 Rxf2 80.Bxf2+ Kxf2 81.b4 Ke3 82.b5 Bd7 83.bxa6 bxa6 84.Kb4 Kd2 85.Ka3 Kc2  1/2-1/2

[Event "EuYCh B18"]
[Site "Peniscola ESP"]
[Date "2002.09.29"]
[Round "1"]
[White "Lupulescu,C"]
[Black "D'Costa,L"]
[Result "1-0"]
[WhiteElo "2476"]
[BlackElo "2254"]

1.e4 c5 2.Nf3 d6 3.Bb5+ Bd7 4.Bxd7+ Qxd7 5.c4 Nc6 6.d4 cxd4 7.Nxd4 g6 8.Nc3 Bg7
9.Nde2 Nf6 10.f3 O-O 11.O-O Rac8 12.b3 Rfd8 13.Bg5 Ne8 14.a4 Nc7 15.Rb1 b6
16.Nd5 Rb8 17.Qd2 Rdc8 18.Kh1 Qe8 19.Qe3 Rb7 20.Nec3 Ne6 21.Bh4 Qf8 22.f4 Ned4
23.f5 Be5 24.Rf2 f6 25.Bg3 a6 26.Qd3 Rcb8 27.b4 Qh6 28.Bf4 Qh5 29.b5 axb5
30.cxb5 Na5 31.Rb4 Ndb3 32.Ne2 Nc5 33.Qe3 Rc8 34.Rf1 g5 35.Bg3 Qf7 36.Nd4 Qe8
37.Rfb1 Qd8 38.Qe2 Qe8 39.Kg1 Kh8 40.Bf2 Qf7 41.Be1 Ra8 42.Nc6 Qe8 43.Nxe5 dxe5
44.h4 gxh4 45.Bxh4 Qd8 46.Bf2 Qd6 47.Qe3 Nd7 48.Rc1 Rg8 49.Rc3 Rbb8 50.Rb1 e6
51.fxe6 Qxe6 52.Qf3 Rg6 53.Rbc1 Rbg8 54.g3 Nb7 55.Qf5 Qd6 56.Rc6 Qa3 57.R1c3 Qa1+
58.Kg2 Nbc5 59.Re3 Rh6 60.Re1 Qxa4 61.Nxb6 Nxb6 62.Rxc5 Nc4 63.Rd5 Qb3 64.Rd7 Qxb5
65.Rh1 Rg5 66.Rxh6 Rxf5 67.Rdxh7+ Kg8 68.exf5 Qc6+ 69.Kh2 Kf8 70.Rh8+ Ke7
71.R6h7+ Kd6 72.Rd8+  1-0

[Event "EuYCh B16"]
[Site "Peniscola ESP"]
[Date "2002.09.29"]
[Round "1"]
[White "Jeitz,C"]
[Black "Daskevics,V"]
[Result "0-1"]
[WhiteElo "2070"]
[BlackElo "2266"]

1.e4 c5 2.Nf3 d6 3.Bb5+ Bd7 4.Bxd7+ Qxd7 5.c4 Nf6 6.Nc3 g6 7.O-O Bg7 8.d4 cxd4
9.Nxd4 O-O 10.f3 Rc8 11.b3 Nc6 12.Be3 Qd8 13.Qd2 a6 14.Rac1 Rab8 15.Nxc6 bxc6
16.Rfd1 Qa5 17.Nd5 Qxd2 18.Nxf6+ Bxf6 19.Rxd2 c5 20.f4 a5 21.Rd5 Rc7 22.e5 dxe5
23.fxe5 e6 24.Rxc5 Bg5 25.Bxg5 Rxc5 26.Be7 Rc6 27.Bd6 Rb7 28.c5 Rb4 29.Rc3 Rd4
30.a3 f5 31.Kf2 Kf7 32.Ke3 Re4+ 33.Kf3 Ke8 34.Rd3 Rc8 35.Rd1 g5 36.Rb1 g4+
37.Kf2 f4 38.b4 axb4 39.axb4 Ra8 40.Rb2 Ra3 41.g3 fxg3+ 42.hxg3 Rf3+ 43.Kg2 Ree3
44.Ra2 Rxg3+ 45.Kh2 Ra3 46.Rf2 Rgf3 47.Rd2 h5 48.c6 Rh3+ 49.Kg2 Rag3+ 50.Kf2 Rh2+
51.Kxg3 Rxd2 52.b5 Rb2 53.Kh4  0-1

[Event "ch-PER"]
[Site "Lima PER"]
[Date "2002.10.03"]
[Round "4"]
[White "Oblitas,C"]
[Black "Garcia,Ja"]
[Result "0-1"]
[WhiteElo "2408"]
[BlackElo "2297"]

1.e4 c5 2.Nf3 d6 3.Bb5+ Bd7 4.Bxd7+ Qxd7 5.O-O Nc6 6.c3 Nf6 7.Qe2 e6 8.d4 cxd4
9.cxd4 d5 10.e5 Ne4 11.Rd1 Be7 12.Ne1 f6 13.f3 Ng5 14.Nc3 f5 15.Be3 O-O 16.Nd3 Nf7
17.Rac1 Rac8 18.Nf4 g5 19.Nd3 f4 20.Bf2 Nh6 21.Qd2 b6 22.Ne2 Kg7 23.Rc2 a5
24.Rdc1 Nb4 25.Nxb4 axb4 26.Qd3 Rxc2 27.Rxc2 Ra8 28.b3 Rc8 29.g4 fxg3 30.Nxg3 Qe8
31.Kg2 Rxc2 32.Qxc2 Qg6 33.Qc7 Kf7 34.Be1 Qb1 35.Bxb4 Qxa2+ 36.Kh3 Ng8 37.Bxe7 Nxe7
38.Qc3 Qb1 39.Kg2 Qg6 40.Qe3 h5 41.Qc3 h4 42.Nf1 g4 43.Ne3 gxf3+ 44.Kxf3 Qe4+
45.Kf2 Qf4+ 46.Kg1 h3 47.Nf1 Nf5 48.Qxh3 Qxd4+ 49.Kh1 Qe4+ 50.Kg1 Qxe5 51.Qh5+ Ke7
52.Qg5+ Qf6 53.Qd2 Qd4+ 54.Qxd4 Nxd4 55.Nd2 e5 56.Kf2 Ke6 57.b4 Nc6 58.b5 Nd4
59.h4 Nxb5 60.h5 Nd6 61.h6 Kf6 62.Nf3 Nf7 63.h7 Kg7 64.Nh4 Kxh7 65.Nf5 Ng5
66.Ke3 Ne4 67.Ne7 Nf6 68.Nc6 Nd7 69.Nb4 d4+ 70.Ke4 Kg6 71.Kd5 Kf5 72.Kc6 e4
73.Kxd7 e3 74.Kc6 Ke4  0-1

[Event "Eu Blitz Ch"]
[Site "Panormo GRE"]
[Date "2002.10.03"]
[Round "14"]
[White "Miroshnichenko,E"]
[Black "Sakaev,K"]
[Result "1/2-1/2"]
[WhiteElo "2548"]
[BlackElo "2647"]

1.e4 c5 2.Nf3 d6 3.Bb5+ Bd7 4.Bxd7+ Qxd7 5.c4 Nc6 6.d4 cxd4 7.Nxd4 g6 8.Nc3 Bg7
9.Nde2 Nf6 10.f3 O-O 11.O-O a6 12.a4 e6 13.Bg5 Qc7 14.Kh1 Nd7 15.Rb1 Rac8
16.b3 Nc5 17.Bf4 Ne5 18.Be3 Rfd8 19.Bd4 Nc6 20.Bxg7 Kxg7 21.f4 Kg8 22.f5 Ne5
23.Nf4 Qe7 24.Qd2 Ncd7 25.Nce2 Nf6 26.Ng3 Kh8 27.a5 Rg8 28.fxe6 fxe6 29.Rbd1 Rc6
30.Nd3 Nxd3 31.Qxd3 Nd7 32.Ne2 Ne5 33.Qc3 Rcc8 34.Nd4 Rgd8 35.Rf2 Kg8 36.Rdf1 Rf8
37.Nf3 Nxf3 38.Rxf3 Rxf3  1/2-1/2

[Event "Eu Blitz Ch"]
[Site "Panormo GRE"]
[Date "2002.10.03"]
[Round "15"]
[White "Miroshnichenko,E"]
[Black "Popov,Val"]
[Result "0-1"]
[WhiteElo "2548"]
[BlackElo "2568"]

1.e4 c5 2.Nf3 d6 3.Bb5+ Nd7 4.c3 Nf6 5.Qe2 a6 6.Ba4 b5 7.Bc2 c4 8.b3 Qc7
9.O-O Bb7 10.a4 cxb3 11.Bxb3 Nxe4 12.axb5 Nec5 13.Bc2 axb5 14.Rxa8+ Bxa8
15.d4 Bxf3 16.Qxf3 Na4 17.Bxa4 bxa4 18.Qa8+ Qb8 19.Qxb8+ Nxb8 20.Be3 d5 21.Nd2 e6
22.Ra1 a3 23.c4 dxc4 24.Nxc4 Nc6 25.Nxa3 Bxa3 26.Rxa3 O-O 27.g3 Rd8 28.Kg2 h6
29.Ra4 Ne7 30.h4 Nf5 31.h5 Rb8 32.g4 Ne7 33.Kf3 Nd5 34.Ra7 Rd8 35.Rb7 f6
36.Ra7 Re8 37.Rb7 Re7 38.Rxe7 Nxe7 39.Ke4 Kf7 40.Bd2 f5+ 41.gxf5 Nxf5 42.Ke5 Ne7
43.f4 Nc6+ 44.Ke4 Kf6 45.Bc3 Kf7 46.f5 exf5+ 47.Kxf5 Ne7+ 48.Ke4 Ke6 49.Bb4 Nd5
50.Bf8 Nf6+ 51.Kd3 Kf7 52.Bb4 Nxh5 53.d5 g5 54.Ke4 Nf6+ 55.Ke5 h5 56.d6 h4
57.Be1 Kg6 58.Ke6 Ne4 59.Ke5 Nxd6 60.Kxd6 Kf5 61.Kd5 Kf4 62.Kd4 Kf3 63.Ke5 h3  0-1

[Event "6th Itau Cup"]
[Site "Sao Paulo BRA"]
[Date "2002.10.03"]
[Round "7"]
[White "Milos,G"]
[Black "Braga,C"]
[Result "1-0"]
[WhiteElo "2574"]
[BlackElo "2415"]

1.e4 c5 2.Nf3 d6 3.Bb5+ Nc6 4.O-O Bd7 5.Re1 Nf6 6.c3 a6 7.Bf1 Bg4 8.d3 e6
9.Nbd2 Be7 10.h3 Bh5 11.g4 Bg6 12.Nh4 Nd7 13.Ng2 e5 14.Nc4 O-O 15.f4 exf4
16.Bxf4 Nb6 17.Nce3 d5 18.Nf5 Re8 19.Qf3 Bf8 20.Qg3 Qd7 21.Ngh4 Rac8 22.Rad1 d4
23.c4 Na4 24.Rd2 b5 25.e5 bxc4 26.dxc4 Nb6 27.b3 a5 28.a4 Nb4 29.Bg2 Rcd8
30.Bg5 Rb8 31.Rf1 Re6 32.Bf4 Rbe8 33.Nf3 h6 34.h4 Nc6 35.h5 Bh7 36.Bh3 f6
37.exf6 Rxf6 38.Nxh6+ gxh6 39.g5 Qg7 40.gxf6 Qxg3+ 41.Bxg3 Re3 42.Bc7  1-0

[Event "Najdorf Mem Great Final"]
[Site "Buenos Aires ARG"]
[Date "2002.10.07"]
[Round "4.2"]
[White "Slipak,S"]
[Black "Sorin,A"]
[Result "1/2-1/2"]
[WhiteElo "2498"]
[BlackElo "2512"]

1.e4 c5 2.Nf3 d6 3.Bb5+ Bd7 4.Bxd7+ Qxd7 5.O-O Nc6 6.c4 g6 7.d4 cxd4 8.Nxd4 Bg7
9.Be3 Nf6 10.f3 Rc8 11.b3 a6 12.Nc3 Nxd4 13.Bxd4 O-O 14.Rc1 b5 15.cxb5 axb5
16.Qd2 Qb7 17.Kh1 Rfd8  1/2-1/2

[Event "FSIMA Oct"]
[Site "Budapest HUN"]
[Date "2002.10.08"]
[Round "4"]
[White "Papp,Ge"]
[Black "Orso,M"]
[Result "1/2-1/2"]
[WhiteElo "2275"]
[BlackElo "2352"]

1.e4 c5 2.Nf3 d6 3.Bb5+ Bd7 4.Bxd7+ Qxd7 5.O-O Nf6 6.Re1 e6 7.c3 Be7 8.d4 cxd4
9.cxd4 O-O 10.Nc3 d5 11.e5 Ne8 12.a3 Nc6 13.b4 Rc8 14.Qd3 Qd8 15.Bd2 Nc7  1/2-1/2

[Event "4th ZNG111 IM"]
[Site "Opatija CRO"]
[Date "2002.10.08"]
[Round "6"]
[White "Topalovic,Z"]
[Black "Fercec,N"]
[Result "1/2-1/2"]
[WhiteElo "2272"]
[BlackElo "2504"]

1.e4 c5 2.Nf3 d6 3.Bb5+ Nc6 4.d4 cxd4 5.Qxd4 Bd7 6.Bxc6 Bxc6 7.Nc3 Nf6 8.Bg5 e6
9.O-O-O Be7 10.Kb1 O-O 11.Qd3 Qa5 12.h4 b5 13.Nd4 Rfc8 14.f3 b4 15.Nce2 Bb7
16.g4 Ba6 17.Qd2 Bc4 18.Nc1 Rc7 19.Bxf6 Bxf6 20.g5 Bxd4 21.Qxd4 Rc6 22.h5 Qb5
23.Rhg1 Qe5 24.Qxe5 dxe5 25.h6 g6 26.Rd7 Bb5 27.Rgd1 Rcc8 28.Rb7 Rcb8 29.Rc7 Rc8
30.Rb7 Rcb8 31.Rc7 Rc8  1/2-1/2

[Event "FSGM Oct"]
[Site "Budapest HUN"]
[Date "2002.10.09"]
[Round "5"]
[White "Kallio,H"]
[Black "Seres,L"]
[Result "1-0"]
[WhiteElo "2471"]
[BlackElo "2465"]

1.e4 c5 2.Nf3 d6 3.Bb5+ Bd7 4.Bxd7+ Qxd7 5.O-O Nf6 6.Re1 Nc6 7.c4 Ne5 8.d4 Nxf3+
9.gxf3 cxd4 10.Qxd4 g6 11.Kg2 Bg7 12.Nc3 O-O 13.Qd3 Rac8 14.Be3 Nh5 15.Rad1 f5
16.e5 Rc6 17.Bc1 Rfc8 18.b3 a6 19.Kh1 Kh8 20.Ba3 b5 21.exd6 exd6 22.Nd5 bxc4
23.bxc4 Re8 24.Bb4 Nf6 25.Rxe8+ Qxe8 26.Nxf6 Bxf6 27.Bxd6 Qe6 28.c5 Qxa2
29.Kg2 a5 30.Re1 Qf7 31.Qb5 Qd7 32.Qxa5 Rxd6 33.cxd6 Qxd6 34.Qa7 Be5 35.Qf7  1-0

[Event "6th Final RUS Cup"]
[Site "Nefteyugansk RUS"]
[Date "2002.10.09"]
[Round "5"]
[White "Pridorozhni,A"]
[Black "Popov,Val"]
[Result "1-0"]
[WhiteElo "2475"]
[BlackElo "2568"]

1.e4 c5 2.Nf3 d6 3.Bb5+ Nd7 4.d4 Nf6 5.O-O a6 6.Bxd7+ Nxd7 7.Nc3 e6 8.dxc5 Nxc5
9.Bg5 Qc7 10.a4 h6 11.Bh4 Nd7 12.Re1 Ne5 13.Nd4 g5 14.Bg3 Bd7 15.Qh5 Bg7
16.Rad1 Rc8 17.h4 Bf6 18.Nf3 b5 19.axb5 axb5 20.Nd4 Qb6 21.Nf3 Rc7 22.Nxe5 dxe5
23.Re3 Qc5 24.Rf3 Qe7 25.Ra1 O-O 26.hxg5 hxg5 27.Qh2 Rc5 28.b4 Rxc3 29.Rxf6 Qxf6
30.Bxe5 Rh3 31.Bxf6 Rxh2 32.Kxh2 Rc8 33.Kg3 Kh7 34.e5 Kg6 35.Rd1 Bc6 36.Rd4 Kf5
37.c4 bxc4 38.Rxc4 Bd7 39.Rd4 Bb5 40.f3  1-0